The dawn of civilization

محفوظ في:

المؤلف الرئيسي: PIGGOTT,STUART

التنسيق: كتاب

اللغة: Undetermined

منشور في: New York 1961

الموضوعات:

الوسوم: إضافة وسم

لا توجد وسوم, كن أول من يضع وسما على هذه التسجيلة!

رقم الطلب: (O.S)CB301.P5

LEADER 00475nam a2200157Ia 4500
008 230909s9999||||xx |||||||||||||| ||und||
050 4 |a (O.S)CB301.P5  
100 1 |a PIGGOTT,STUART  
245 1 4 |a The dawn of civilization  
264 1 |a New York   |c 1961 
300 |a 403 P  |c 36cm 
504 |a Bibliography  
650 4 |a Civlization  
942 |2 lcc  |c BK 
952 |0 0  |1 0  |2 lcc  |4 0  |7 1  |9 50051  |a ARCE  |b ARCE  |d 2023-09-09  |l 0  |o (O.S)CB301.P5   |r 2023-09-09 00:00:00  |w 2023-09-09  |y BK 
999 |c 54674  |d 54674